Německá poválečná rezistence ve Východních Sudetech

Titel: Německá poválečná rezistence ve Východních Sudetech / Lubomír Hlavienka, Ondřej Kolář
Verfasser: ;
Körperschaft:
Ausgabe: Vydání první
Veröffentlicht: Opava : Slezské zemské muzeum, 2024
Umfang: 155 Seiten : Illustrationen, Porträts, Karten ; 24 cm
Format: Buch
Sprache: Tschechisch
Schlagworte:
ISBN: 9788053000031 ; 8053000037
Buchumschlag
X
alg: 53070681
001A    $03004:20-06-25 
001B    $03004:25-03-26 $t15:51:48.000 
001D    $03004:25-03-26 
001U    $0utf8 
001X    $00 
002@    $0Aau 
002C    $aText $btxt $2rdacontent 
002D    $aohne Hilfsmittel zu benutzen $bn $2rdamedia 
002E    $aBand $bnc $2rdacarrier 
003@    $0530706814 
004A    $A978-80-530-0003-1 $f((v knize neuvedeno ;) 
004A    $080-530-0003-7 
006C    $01514347374 $aOCoLC 
007A    $0530706814 $aHEB 
010@    $acze 
010E    $erda 
011@    $a2024 $n2024 
021A    $aNěmecká poválečná rezistence ve Východních Sudetech $hLubomír Hlavienka, Ondřej Kolář 
028A    $BVerfasser $4aut $7119579956X $8Hlavienka, Lubomír [Tp3] $9453702732 
028C    $BVerfasser $#Kolář, O. $4aut $71124005277 $8Kolář, Ondřej$Z1983- [Tp3] $9398898367 
029F    $BHerausgebendes Organ $RKaiser-Franz-Josef-Museum für Kunst und Gewerbe in Troppau $RZemské Muzeum v Opavě $RSlezské Muzeum v Opavě $#Slezské zemské muzeum v Opavě $#Schlesisches Landesmuseum Opava $#Silesian Regional Museum Opava $#Slezské Zemské Muzeum v Opavě Opava $#Museum Silesiae Opava $4isb $75061358-3 $8Slezské zemské muzeum [Tb1] $9044758022 
032@    $aVydání první 
033A    $pOpava $nSlezské zemské muzeum 
034D    $a155 Seiten 
034I    $a24 cm 
034M    $aIllustrationen, Porträts, Karten 
037A    $aQuellen- und Literaturverzeichnis: Seite 144-150, Register 
037A    $aObsahuje bibliografii, bibliografické odkazy a rejstřík. 
044A    $amonografie $2czenas $S#7 $N655 
044A    $amonographs $2czenas $S#7 $N655 
044K    $qK10plus $RSudetenland $#Ostsudetenland $74438762-3 $8Sudetenland$zOst [Tg1] $9088760413 
044K    $qK10plus $RKombattant $ROpposition $RWiderstandskämpfer $RProtest $#Government, Resistance to $#Underground movements, War $#Résistance politique $#Mouvements de résistance $#Politischer Widerstand $#Widerstand $#Widerstandsbewegung $#Politischer Widerstand $#Widerstandsbewegung $#Politischer Widerstand $#Widerstandsbewegung $74079262-6 $8Widerstand [Ts1] $9085225177 
045R    $aGeschichte 1945- 
045T    $aOST $qDE-12 $2FID 
046L    $aZusammenfassung in englischer Sprache 

lok: 53070681 24

exp: 53070681 24 1 #EPN
201B/01 $025-03-26 $t15:48:12.000 
201C/01 $020-06-25 
201U/01 $0utf8 
203@/01 $01307226299 
208@/01 $a04-08-25 $bz 
209A/01 $a25.04012 / in Bearbeitung $du $f050 $h25 04012 $x00 
209C/01 $a25.04012 K $h25 04012 K 
209G/01 $a75092369 $x00 
220C/01 $akon 
247C/01 $8358050-7 Marburg, Bibliothek des Herder-Instituts Marburg $9102600961 

lok: 53070681 78

exp: 53070681 78 1 #EPN
201B/01 $024-10-25 $t18:25:03.000 
201C/01 $024-10-25 
201U/01 $0utf8 
203@/01 $01320501842 
208@/01 $a24-10-25 $be 
209A/01 $a/ $f000 $x00 
209A/01 $ab*p $x01 
220C/01 $apgar 
244Z/01 $#Schlesien $#Schlesien $#Herzogtum Schlesien $#Herzogtum Schlesien Schlesien $#Provinz Schlesien $#Śla̜sk $#Slezsko $#Silesia $74052678-1 $8--Tg1--Schlesien $x02 $9085146781 
244Z/01 $#Böhmische Kronländer $#Länder der Böhmischen Krone $#Sudetenland $#Böhmen $#Mähren $#Mährisch-Schlesien $#Österreichisch-Schlesien $#Tschechische Sozialistische Republik Böhmische Länder $#Tschechei Böhmische Länder $#Země koruny české $74069573-6 $8--Tg1--Böhmische Länder $x03 $9085195553 
244Z/01 $#Tschechoslowakei $#Tschechoslowakei $#Tschechoslowakei $#Tschechische und Slowakische Föderative Republik $#République Tchéco-Slovaque $#Tchécoslovaquie $#Československá Federativní Republika $#Česká a Slovenská Federativní Republika $#Czech and Slovak Federal Republic $#ČSFR $#ČSSR $#ČSR $#RČS $#Československo $#Československá Socialistická Republika $#Československá Republika $#Tschechoslowakische Sozialistische Republik $#Tschechoslowakische Republik $#Tschechoslowakische Föderative Republik $#Republika Československá $#Czechoslovakia $#Čechoslovakische Republik $#République Tchécho-Slovaque $#Tchéchoslovaquie $#Czechoslovak Socialist Republic $#Checoeslovaquia $#Cecoslovacchia $#Čechoslovakija $#République tchécoslovaque $74078435-6 $8--Tg1--Tschechoslowakei $x04 $9085222305 
247C/01 $82080>Marburg/Lahn, Herder-Institut, Forschungsbibliothek, Bibliographieportal $9336309341
LEADER 00000cam a2200000 c 4500
001 530706814
003 DE-603
005 20260325155148.0
007 tu
008 250620s2024 xx |||| | u00||u|cze c
020 |a 9788053000031  |c ((v knize neuvedeno ;) 
020 |a 8053000037 
035 |a (DE-599)HEB530706814 
040 |a DE-603  |b ger  |c DE-603  |d DE-603  |e rda 
041 |a cze 
084 |a OST  |q DE-12  |2 fid 
100 1 |a Hlavienka, Lubomír  |e Verfasser  |4 aut  |0 (DE-603)453702732  |0 (DE-588)119579956X  |2 gnd 
245 0 0 |a Německá poválečná rezistence ve Východních Sudetech  |c Lubomír Hlavienka, Ondřej Kolář 
250 |a Vydání první 
264 1 |a Opava  |b Slezské zemské muzeum  |c 2024 
300 |a 155 Seiten  |b Illustrationen, Porträts, Karten  |c 24 cm 
336 |a Text  |b txt  |2 rdacontent 
337 |a ohne Hilfsmittel zu benutzen  |b n  |2 rdamedia 
338 |a Band  |b nc  |2 rdacarrier 
500 |a Quellen- und Literaturverzeichnis: Seite 144-150, Register 
500 |a Obsahuje bibliografii, bibliografické odkazy a rejstřík. 
546 |a Zusammenfassung in englischer Sprache 
648 7 |a Geschichte 1945-  |2 gnd 
650 7 |a Widerstand  |0 (DE-588)4079262-6  |0 (DE-603)085225177  |2 gnd 
651 7 |a Sudetenland  |0 (DE-588)4438762-3  |0 (DE-603)088760413  |2 gnd 
700 1 |a Kolář, Ondřej  |d 1983-  |e Verfasser  |4 aut  |0 (DE-603)398898367  |0 (DE-588)1124005277  |2 gnd 
710 2 |a Slezské zemské muzeum  |e Herausgebendes Organ  |4 isb  |0 (DE-603)044758022  |0 (DE-588)5061358-3  |2 gnd 
924 0 |9 Mb 50  |a (DE-603)1307226299  |b DE-Mb50  |c HES  |d c  |g 25.04012 / in Bearbeitung 
924 0 |9 2080  |a (DE-603)1320501842  |b DE-2080  |c HES  |d d  |g /